| 000 | 00828nas a2200265Ia 4500 | ||
|---|---|---|---|
| 001 | dp5/23-52013 | ||
| 003 | IT-MiCISF | ||
| 008 | 161014c99999999xx |||||||||||| ||und|| | ||
| 040 |
_aIT-MiCISF _cIT-MiCISF |
||
| 041 | _aITALIANO | ||
| 100 | _aPrezzi Lorenzo | ||
| 210 | _aSettiamna | ||
| 222 | _aSettiamna | ||
| 245 | 0 | _aMa i preti sposati sono già tra di noi | |
| 250 | _a1a ed. | ||
| 260 | _c2012 | ||
| 501 |
_bCISF - Centro Internazionale Studi Famiglia - Via Giotto, 36 20145 MILANO (non commercial uses only) _cCopyright 2016 |
||
| 300 | _ap. 3 | ||
| 362 | _a n. 8 [2012] | ||
| 500 | _aintervista a don Basilio Petrà Tema: operatori-pastorali, matrimonio, teologia, celibato | ||
| 650 |
_aPASTORALE - pastorale familiare _vintervista |
||
| 700 | _aAA.VV. | ||
| 942 | _cCR | ||
| 957 | _71 | ||
| 999 |
_a52013 _bSi _g1 _c221145 _d221145 |
||